| 000 | 00761nam a2200217 i 4500 | ||
|---|---|---|---|
| 001 | 77618 | ||
| 003 | ES-MaACL | ||
| 005 | 20250801081933.0 | ||
| 007 | t| | ||
| 008 | 041027s2001 pr ||||1| spa d | ||
| 020 | _a0-8477-0391-6 | ||
| 245 | 0 | 0 |
_aSobre "Insulas extrañas" _b: el clásico de Pedreira / _canotado por Tomás Blanco ; edición de Mercedes López-Baralt. |
| 250 | _a1ª ed. | ||
| 260 |
_aSan Juan de Puerto Rico : _bUniversidad de Puerto Rico, _c2001. |
||
| 300 |
_a447 p. ; _c26 cm. |
||
| 600 | 1 | 4 |
_aBlanco, Tomás, _d1896-1975 _929209 |
| 600 | 1 | 4 |
_aLópez Baralt, Mercedes. _9208535 |
| 651 | 4 |
_aPuerto Rico- _xCivilización. _99276 |
|
| 852 |
_aES-MaACL _jE-10161 _bR.134396 |
||
| 999 |
_c77618 _d77618 |
||